000 00854nam a2200289 a 4500
003 AR-BaBNM
005 20251128205405.0
008 082120s2002 ||||||||||||||000 | spa||
020 _a84-7232-378-1
040 _cAR-BaBNM
100 1 _aZelaya Kolker, Marielena
245 0 0 _aTestimonios americanos de los escritores españoles transterrados de 1939
260 _aMadrid
_bCultura hispánica
_bInstituto de cooperación Iberoamericana
_c[s.f.]
300 _a273 p.
504 _aBibliografía para consultar p. 261-268.
650 4 _aLITERATURA
650 4 _aGUERRA CIVIL
650 4 _aCIENCIAS POLITICAS
650 4 _aHISTORIA POLITICA
650 4 _aLITERATURA ESPAÑOLA
650 4 _aLITERATURA UNIVERSAL
650 4 _aOBRAS LITERARIAS
653 _aHISTORIA ESPAÑOLA
655 _aLITERATURA
942 _cBK
998 _cmariana
999 _c11228
_d11228